Tribal literature conclave 2025 souvenir : (Record no. 11105)
[ view plain ]
| 000 -LEADER | |
|---|---|
| fixed length control field | 00410nam a22001457a 4500 |
| 003 - CONTROL NUMBER IDENTIFIER | |
| control field | GBCCL |
| 005 - DATE AND TIME OF LATEST TRANSACTION | |
| control field | 20251209143647.0 |
| 008 - FIXED-LENGTH DATA ELEMENTS--GENERAL INFORMATION | |
| fixed length control field | 251209b |||||||| |||| 00| 0 eng d |
| 040 ## - CATALOGING SOURCE | |
| Transcribing agency | GBC |
| 082 ## - DEWEY DECIMAL CLASSIFICATION NUMBER | |
| Classification number | SOU TRI |
| Item number | 2025 |
| 245 ## - TITLE STATEMENT | |
| Title | Tribal literature conclave 2025 souvenir : |
| Remainder of title | weaving tribal narratives / |
| Statement of responsibility, etc. | edited by T Thangkhansiam |
| 260 ## - PUBLICATION, DISTRIBUTION, ETC. | |
| Place of publication, distribution, etc. | Lamka : |
| Name of publisher, distributor, etc. | PLS, |
| Date of publication, distribution, etc. | 2025 |
| 300 ## - PHYSICAL DESCRIPTION | |
| Extent | 89P. ; |
| 942 ## - ADDED ENTRY ELEMENTS (KOHA) | |
| Source of classification or shelving scheme | Dewey Decimal Classification |
| Koha item type | Archives |
| Suppress in OPAC | No |
| Withdrawn status | Lost status | Source of classification or shelving scheme | Damaged status | Not for loan | Home library | Current Library | Shelving location | Date acquired | Total checkouts | Full call number | Barcode | Date last seen | Copy number | Price effective from | Koha item type |
|---|---|---|---|---|---|---|---|---|---|---|---|---|---|---|---|
| Dewey Decimal Classification | GRACE BIBLE COLLEGE | GRACE BIBLE COLLEGE | Archives | 2025-12-09 | SOU TRI 2025 | 250320 | 2025-12-09 | c.1 | 2025-12-09 | Archives | |||||
| Dewey Decimal Classification | GRACE BIBLE COLLEGE | GRACE BIBLE COLLEGE | Archives | 2025-12-09 | SOU TRI 2025 | 250321 | 2025-12-09 | c.2 | 2025-12-09 | Archives | |||||
| Dewey Decimal Classification | GRACE BIBLE COLLEGE | GRACE BIBLE COLLEGE | Archives | 2025-12-09 | SOU TRI 2025 | 250322 | 2025-12-09 | c.3 | 2025-12-09 | Archives | |||||
| Dewey Decimal Classification | GRACE BIBLE COLLEGE | GRACE BIBLE COLLEGE | Archives | 2025-12-09 | SOU TRI 2025 | 250323 | 2025-12-09 | c.4 | 2025-12-09 | Archives | |||||
| Dewey Decimal Classification | GRACE BIBLE COLLEGE | GRACE BIBLE COLLEGE | Archives | 2025-12-09 | SOU TRI 2025 | 250324 | 2025-12-09 | c.5 | 2025-12-09 | Archives |